000 00398nam a2200133Ia 4500
005 20260328104337.0
008 260328s9999||||xx |||||||||||||| ||und||
100 _aLand, Peter
245 4 _aThe experimental housing project (Previ) , Lima , Design and technology in a new neighborhood. /
_cPeter Land
260 _bUniversidad de los Andes
300 _a534 p.
650 _aVIVIENDA
942 _cBK
999 _c11970
_d11970